[Event "Werder Bremen GM 2013"]
[Site "Bremen GER"]
[Date "2013.09.29"]
[Round "9.3"]
[White "Joachim,S"]
[Black "Bekker Jensen,S"]
[Result "1-0"]
[WhiteElo "2422"]
[BlackElo "2420"]

1.Nf3 Nf6 2.c4 g6 3.Nc3 Bg7 4.e4 d6 5.d4 O-O 6.Be2 Na6 7.O-O e5 8.Be3 Ng4
9.Bg5 Qe8 10.dxe5 dxe5 11.Qc1 c6 12.Rd1 f6 13.Bd2 f5 14.h3 Nf6 15.exf5 gxf5
16.Bh6 f4 17.Bxg7 Kxg7 18.Re1 e4 19.Bd3 Nc5 20.Bxe4 Nfxe4 21.Nxe4 Nxe4 22.Qc2 Bf5
23.Nh4 Bg6 24.Nxg6 hxg6 25.Rxe4 Qf7 26.Rae1 Rae8 27.Qc3+ Kg8 28.Qd4 Rxe4
29.Rxe4 f3 30.Qxa7 fxg2 31.Qe3 Qf6 32.Re6 Qf5 33.Kxg2 Kh7 34.b3 Rf7 35.Re8 Kg7
36.Qe5+ Qxe5 37.Rxe5 Kf6 38.Re8 Rd7 39.Rb8 Kf5 40.Kg3 Rd2 41.Rxb7 Rxa2 42.Rb6 Rc2
43.f3 Rc3 44.h4 g5 45.hxg5 Kxg5 46.Rxc6 Rxb3 47.c5 Rc3 48.Rc8 Kf5 49.c6 Ke6
50.Kg4 Rc1 51.c7 Kd7 52.Rd8+ Kxc7 53.Rd4 Rg1+ 54.Kf5 Kc6 55.f4 Kc5 56.Rd8  1-0

[Event "23rd EYCC Open U18 2013"]
[Site "Budva MNE"]
[Date "2013.09.29"]
[Round "1.9"]
[White "Pardo Simon,D"]
[Black "Dunaveckis,D"]
[Result "1-0"]
[WhiteElo "2447"]
[BlackElo "2140"]

1.d4 Nf6 2.c4 g6 3.Nc3 Bg7 4.e4 d6 5.Nf3 O-O 6.Be2 e5 7.Be3 Nc6 8.O-O exd4
9.Nxd4 Re8 10.f3 Nxd4 11.Bxd4 c6 12.Qd2 Be6 13.Rfd1 Qc7 14.Rac1 Rad8 15.Nd5 Bxd5
16.cxd5 Nh5 17.dxc6 bxc6 18.Bb5 Bxd4+ 19.Qxd4 Nf4 20.Qe3 Qa5 21.Bxc6 Qg5
22.Qd2 d5 23.Rc5 Re5 24.g3 Qe7 25.b4 Ne6 26.Rxd5 Rexd5 27.Bxd5 Rb8 28.a3 a5
29.Bxe6 Qxe6 30.bxa5 Qb3 31.Qd3 Qa4 32.Rb1 Rxb1+ 33.Qxb1 Qxa3 34.Qb8+ Kg7
35.Qe5+ f6 36.Qc7+ Kg8 37.Kg2 Qd3 38.Qb8+ Kg7 39.Qb7+ Kh8 40.Qb2 Qd6 41.Qa2 Qa6
42.Qf7 Qe2+ 43.Kh3 Qf1+ 44.Kh4 g5+ 45.Kg4 f5+ 46.Kxg5 Qc1+ 47.f4 Qc8 48.Qf6+ Kg8
49.exf5 Qc2 50.Qd8+ Kg7 51.Qd7+ Kg8 52.Qe8+  1-0

[Event "St Petersburg Rapid Cup 2013"]
[Site "St Petersburg RUS"]
[Date "2013.09.29"]
[Round "4.1"]
[White "Lintchevski,D"]
[Black "Levin,Ev"]
[Result "1/2-1/2"]
[WhiteElo "2526"]
[BlackElo "2505"]

1.d4 Nf6 2.c4 g6 3.Nc3 Bg7 4.e4 d6 5.Nf3 O-O 6.Be2 e5 7.Be3 Nbd7 8.O-O Re8
9.Qc2 Ng4 10.Bg5 Bf6 11.Bxf6 Ngxf6 12.Rad1 c6 13.Rfe1 Qc7 14.Bf1 b6 15.h3 Bb7
16.Qd2 Rad8 17.Qh6 a6 18.d5 c5 19.Ng5 Nf8 20.Be2 Kh8 21.Qh4 Qe7 22.Nf3 Kg7
23.Nh2 Nxd5 24.Qxe7 Nxe7 25.Nd5 Nxd5 26.cxd5 Nd7 27.Nf1 b5 28.a4 c4 29.axb5 axb5
30.b3 Rc8 31.bxc4 bxc4 32.Ne3 Nc5 33.Bg4 Rcd8 34.Nxc4 Ba6 35.Na5 Rb8 36.Be2 Bxe2
37.Rxe2 Rb4 38.f3 Reb8 39.Kh2 Ra4 40.Nc6 Rb3 41.Rc2 Nd3 42.Rdd2 h5 43.Nd8 Ra7
44.Nc6 Ra1 45.h4 Nf4 46.Ra2 Rxa2 47.Rxa2 Nd3 48.Rc2 Rb2 49.Rxb2  1/2-1/2

[Event "23rd EYCC Open U18 2013"]
[Site "Budva MNE"]
[Date "2013.09.30"]
[Round "2.2"]
[White "Fedoseev,Vl3"]
[Black "Beradze,I"]
[Result "1-0"]
[WhiteElo "2565"]
[BlackElo "2319"]

1.d4 Nf6 2.c4 g6 3.Nc3 Bg7 4.e4 d6 5.Nf3 O-O 6.Be2 e5 7.O-O exd4 8.Nxd4 Re8
9.f3 c6 10.Kh1 Nh5 11.g4 Nf6 12.Rg1 Nbd7 13.Be3 Qe7 14.Qd2 Nc5 15.Rg2 a5
16.Bh6 Qf8 17.Bxg7 Qxg7 18.b3 Bxg4 19.fxg4 Nfxe4 20.Nxe4 Nxe4 21.Qd3 Nc5
22.Qd1 Re4 23.Nf5 Qe5 24.Ng3 Re3 25.Nf1 Rc3 26.Rc1 Rxc1 27.Qxc1 Re8 28.Ng3 Ne6
29.Rf2 Nd4 30.Bf1 a4 31.bxa4 Ra8 32.Qb2  1-0

[Event "Kolomenskaya versta IM 2013"]
[Site "Kolomna RUS"]
[Date "2013.09.30"]
[Round "2"]
[White "Odnorozhenko,E"]
[Black "Nozdrachev,L"]
[Result "0-1"]
[WhiteElo "2270"]
[BlackElo "2433"]

1.d4 Nf6 2.c4 g6 3.Nc3 Bg7 4.e4 O-O 5.Nf3 d6 6.Be2 e5 7.d5 a5 8.Bg5 h6 9.Bh4 Na6
10.Nd2 Qe8 11.O-O Nh7 12.a3 Bd7 13.Rb1 a4 14.Nb5 Bxb5 15.cxb5 Nc5 16.f3 f5
17.exf5 gxf5 18.b4 axb3 19.Nxb3 e4 20.Nxc5 dxc5 21.fxe4 fxe4 22.Rxf8+ Qxf8
23.Qb3 Kh8 24.Rf1 Qd6 25.Bg4 Rf8 26.Rxf8+ Nxf8 27.Bg3 Be5 28.Bf5 Bd4+ 29.Bf2 Bxf2+
30.Kxf2 Qf4+ 31.Ke2 Qxf5 32.Qc3+ Kg8 33.Qxc5 Ne6 34.Qc4 Nf4+ 35.Ke3 Nxd5+
36.Kd4 e3 37.Qa2 Qf6+ 38.Ke4 Qf7 39.Kd4 Qf4+ 40.Kc5 Qe5  0-1

[Event "Grand Open Blagoevgrad 2013"]
[Site "Blagoevgrad BUL"]
[Date "2013.10.01"]
[Round "5.15"]
[White "Evstatiev,G"]
[Black "Tonkov,B"]
[Result "1/2-1/2"]
[WhiteElo "2147"]
[BlackElo "2323"]

1.d4 Nf6 2.c4 g6 3.Nc3 Bg7 4.e4 d6 5.Nf3 O-O 6.Be2 e5 7.O-O exd4 8.Nxd4 Re8
9.f3 Nh5 10.Be3 Nc6 11.Rc1 Nf4 12.Nxc6 Nxe2+ 13.Qxe2 bxc6 14.Rfd1 f5 15.Qd2 fxe4
16.Nxe4 Qe7 17.Bd4 Bf5 18.Re1 Qf7 19.Bxg7 Qxg7 20.Rc3 Bxe4 21.fxe4 Qe5 22.b4 a5
23.a3 axb4 24.axb4 Ra2 25.Qe3 Rf8 26.Kh1 Rf4 27.Qh3 Kg7 28.Rf3 Rxf3 29.gxf3 h5
30.Qh4 Qc3 31.Qe7+ Kh6 32.Qf8+ Qg7 33.Qf4+ g5 34.Qf5 Qe5 35.Qf8+ Kg6 36.Qg8+ Qg7
37.Qxg7+ Kxg7 38.e5 Kf7 39.Rg1 Kg6 40.h4 g4 41.exd6 cxd6 42.fxg4 Rd2 43.b5 cxb5  1/2-1/2

[Event "23rd EYCC Girls U18 2013"]
[Site "Budva MNE"]
[Date "2013.10.01"]
[Round "3.22"]
[White "Tomic,Milanka"]
[Black "Ratsma,Rosa"]
[Result "1/2-1/2"]
[WhiteElo "1672"]
[BlackElo "1870"]

1.d4 Nf6 2.c4 g6 3.Nc3 Bg7 4.e4 d6 5.Nf3 O-O 6.Be2 e5 7.d5 Nbd7 8.h3 Nh5
9.Bg5 f6 10.Be3 Nf4 11.O-O Nxe2+ 12.Qxe2 a6 13.a3 f5 14.b4 h6 15.Bd2 Nf6
16.Rfd1 Qe7 17.Ra2 Qf7 18.exf5 gxf5 19.Be1 Nh5 20.g3 Bd7 21.c5 Nf6 22.Nh4 e4
23.Ng2 Nh7 24.h4 Nf6 25.Nf4 Ng4 26.Rc1 Ne5 27.Qd1 Nf3+ 28.Kg2 Be5 29.Bd2 Qg7
30.Kh1 Qg4 31.Nfe2 Kh7 32.Qf1 Bb5 33.a4 Bxe2 34.Nxe2 Nxh4 35.Ng1 Nf3 36.Nxf3 Qxf3+
37.Qg2 Qg4 38.Kh2 Rg8 39.Qh3 Qxh3+ 40.Kxh3 Rg4 41.Bc3 Rg7 42.Re2 Rag8 43.Bxe5 dxe5
44.d6 cxd6 45.cxd6 Rd8 46.f3 Rxd6 47.fxe4 Rd3 48.exf5 Rdxg3+ 49.Kh2 R3g5
50.Rc3 Rxf5 51.b5 axb5 52.axb5 Rh5+ 53.Rh3 Rhg5 54.Rc3 Kg6 55.Rf2 Kh7 56.Re2 Rh5+
57.Rh3 Rxh3+ 58.Kxh3 Rg5 59.Rc2 Kg8 60.Rc8+ Kh7 61.Rb8 Rg7 62.Re8 Kg6 63.Rxe5 Kf6
64.Rh5 Kg6 65.Rd5 Re7 66.Rd6+ Kg5 67.Rd5+ Kf4 68.Rd6 Rh7 69.Rd5 Ke4 70.Rh5 Kd4
71.Kg4 Rg7+ 72.Kf3 Rg6 73.Ke2 Kc3 74.Ke3 Rg5 75.Rxh6 Rxb5 76.Ke2 Kc2 77.Ke3 Rb3+
78.Kd4 b6 79.Rh2+ Kb1 80.Kc4 Rg3 81.Kb5 Rg6 82.Rh8 Kc2 83.Rb8 Kc3 84.Rxb6 Rxb6+
85.Kxb6  1/2-1/2

[Event "23rd EYCC Open U18 2013"]
[Site "Budva MNE"]
[Date "2013.10.01"]
[Round "3.27"]
[White "Espinosa Cancino,Miguel"]
[Black "Salles,L"]
[Result "0-1"]
[WhiteElo "1787"]
[BlackElo "2224"]

1.d4 Nf6 2.Nf3 g6 3.c4 Bg7 4.Nc3 O-O 5.e4 d6 6.Be2 Nbd7 7.O-O e5 8.Be3 Ng4
9.Bg5 f6 10.Bc1 Nh6 11.Be3 c6 12.Ne1 f5 13.f3 Qe7 14.d5 c5 15.Nd3 f4 16.Bf2 g5
17.g4 fxg3 18.hxg3 Nf6 19.Be3 g4 20.Qd2 gxf3 21.Bxh6 fxe2 22.Nxe2 Bh3 23.Qg5 Bxf1
24.Rxf1 Kh8 25.Bxg7+ Qxg7 26.Qxg7+ Kxg7 27.Nf2 h5 28.Nc3 a6 29.Ncd1 Kf7 30.Ne3 Ke7
31.Rb1 Rac8 32.b3 Kd7 33.Kg2 Rg8 34.Rh1 Rg6 35.Rh3 Rcg8 36.Nf5 Rg5 37.Kf3 Rf8
38.Ke3 Nxe4 39.Nxe4 Rgxf5 40.g4 hxg4 41.Rh7+ R8f7 42.Rh6 Rf1 43.Nxd6 R7f6
44.Rxf6 Rxf6 45.Ne4 Rf3+ 46.Ke2 b6 47.Ng5 Rf4 48.Ke3 g3 49.Nh3 g2  0-1

[Event "3rd Holuj-Radzikowska Mem"]
[Site "Wroclaw POL"]
[Date "2013.10.03"]
[Round "6.3"]
[White "Socko,M"]
[Black "Szczepkowska Horowska,K"]
[Result "1/2-1/2"]
[WhiteElo "2444"]
[BlackElo "2376"]

1.d4 Nf6 2.c4 d6 3.Nc3 Nbd7 4.e4 e5 5.Nf3 g6 6.Be2 Bg7 7.O-O O-O 8.Be3 Re8
9.Qc2 exd4 10.Nxd4 c6 11.Rad1 Qe7 12.f3 a6 13.Bf2 Ne5 14.Rfe1 b5 15.cxb5 axb5
16.f4 Neg4 17.Nxc6 Qb7 18.Bxg4 Nxg4 19.Nb4 Nxf2 20.Qxf2 Bg4 21.Rd5 Be6 22.Rxb5 Qc8
23.Nbd5 Bxd5 24.Rxd5 Bxc3 25.bxc3 Qxc3 26.Qd2 Qc4 27.Qd4 Qxd4+ 28.Rxd4 Rxa2
29.Rxd6 Ra4 30.Kf2 Raxe4 31.Rxe4 Rxe4 32.Kf3 Re1 33.h4 Kg7 34.g3 h5 35.Rd5 f5
36.Rd6 Ra1 37.Rd3 Ra6 38.Rc3 Kf6 39.Rd3 Rb6 40.Rc3 Ra6 41.Rd3 Rb6  1/2-1/2

[Event "23rd EYCC Girls U18 2013"]
[Site "Budva MNE"]
[Date "2013.10.05"]
[Round "6.3"]
[White "Kuchava,A"]
[Black "Bivol,A"]
[Result "1/2-1/2"]
[WhiteElo "2092"]
[BlackElo "2241"]

1.d4 Nf6 2.Nf3 g6 3.c4 Bg7 4.Nc3 O-O 5.e4 d6 6.Be2 e5 7.O-O exd4 8.Nxd4 Re8
9.f3 c6 10.Kh1 Nh5 11.Be3 Qh4 12.Qe1 Qe7 13.g4 Nf6 14.Qd2 Bxg4 15.fxg4 Nxe4
16.Nxe4 Qxe4+ 17.Rf3 Bxd4 18.Bxd4 Qxe2 19.Qf4 f5 20.Raf1 Qe4 21.gxf5 Qxf4
22.Rxf4 Nd7 23.fxg6 hxg6 24.Rf7 Ne5 25.Rxb7 Re6 26.b3 a5 27.a4 Rae8 28.Bc3 Ra8
29.Rf4 c5 30.Rf1 Ra6 31.Rb8+ Kg7 32.Rb5 Re7 33.Rxa5 Rxa5 34.Bxa5 Rb7 35.Rb1 Nxc4
36.Bc3+ Kg8 37.a5 Na3 38.Rb2 d5 39.a6 Ra7 40.Ra2 Nb5 41.Be5 d4 42.Ra5 Nc3
43.Rxc5 Rxa6 44.Bxd4 Ne4 45.Rc7 Rd6 46.Be5 Rd5 47.Bf4 Rb5 48.Rc4 Nf2+ 49.Kg2 Nd3
50.Bg3 Rxb3 51.Rc7 Nb2  1/2-1/2

[Event "TCh-CRO II Liga 2013"]
[Site "Primosten CRO"]
[Date "2013.10.06"]
[Round "6.5"]
[White "Novak,Ivo"]
[Black "Glavan,M"]
[Result "0-1"]
[WhiteElo "1801"]
[BlackElo "1994"]

1.d4 Nf6 2.Nf3 g6 3.c4 Bg7 4.Nc3 O-O 5.e4 d6 6.Be2 e5 7.d5 a5 8.O-O Nbd7
9.Qc2 Nc5 10.Be3 Nfd7 11.Nd2 f5 12.exf5 gxf5 13.f3 Kh8 14.g3 b6 15.Kg2 Qe7
16.Rae1 Nf6 17.b3 Bd7 18.a3 c6 19.b4 axb4 20.axb4 Na6 21.dxc6 Nxb4 22.Qb3 Nxc6
23.Bxb6 Rfb8 24.Ra1 Rxa1 25.Rxa1 Nd4 26.Qb1 Nxe2 27.Nxe2 Bh6 28.Nf1 Bc6 29.Nc3 Bxf3+
30.Kxf3 Qb7+ 31.Nd5 Nxd5 32.cxd5 Qxb6 33.Qd3 e4+  0-1

[Event "Reykjavik CC GM 2013"]
[Site "Reykjavik ISL"]
[Date "2013.10.07"]
[Round "8.1"]
[White "Thorfinnsson,Br"]
[Black "Danielsen,Hen"]
[Result "0-1"]
[WhiteElo "2483"]
[BlackElo "2501"]

1.c4 Nf6 2.d4 d6 3.Nf3 g6 4.Nc3 Bg7 5.e4 O-O 6.Be2 Na6 7.O-O e5 8.Be3 Ng4
9.Bg5 Qe8 10.Re1 exd4 11.Nxd4 Qe5 12.Nf3 Qc5 13.Bh4 Be6 14.Nd2 h5 15.h3 Ne5
16.Rc1 Qd4 17.Bg5 Qb6 18.Qc2 Nc6 19.Nb3 Nd4 20.Nxd4 Bxd4 21.Bf1 Qc5 22.Bh6 Rfe8
23.Qd2 Qe5 24.Kh1 Qh8 25.Bg5 c6 26.f3 Rac8 27.b3 Nc7 28.Ne2 Bb2 29.Rc2 Ba3
30.Be3 Bc5 31.Nd4 a5 32.Rd1 Ra8 33.Qf2 a4 34.Ne2 axb3 35.axb3 Ra1 36.Rcd2 Rxd1
37.Rxd1 Qb2 38.Bxc5 dxc5 39.Qe3 Ra8 40.f4 Ra1 41.Nc1 Kh7 42.Be2 Qf6 43.e5 Qh4
44.Nd3 Rxd1+ 45.Bxd1 b6 46.Nf2 Bf5 47.g3 Qd8 48.Bf3 Ne6 49.Bxc6 Qd4 50.Qe1 Qb2
51.g4 hxg4 52.hxg4 Bc2 53.f5 gxf5 54.gxf5 Bxf5 55.Ne4 Bxe4+ 56.Bxe4+ Kg7
57.Qg3+ Kf8 58.Bd5 Qc1+ 59.Kh2 Qd2+ 60.Kh1 Nf4 61.Qg5 Qe1+ 62.Kh2 Qf2+ 63.Kh1 Qf1+
64.Kh2 Qh3+ 65.Kg1 Qe3+ 66.Kh1 Qc1+ 67.Kh2 Qd2+ 68.Kh1 Qd1+ 69.Kh2 Qd2+ 70.Kh1 Qe1+
71.Kh2 Qf2+ 72.Kh1 Ng6 73.Qd8+ Kg7 74.Qxb6 Nxe5 75.Qd8 Qf1+ 76.Kh2 Qf4+ 77.Kh3 Qe3+
78.Kg2 Qd2+ 79.Kg3 Qd3+ 80.Kg2 Qxb3 81.Qg5+ Ng6 82.Qg4 Qe3 83.Be4 Qd4 84.Kh3 Qxc4  0-1

[Event "FSIM October 2013"]
[Site "Budapest HUN"]
[Date "2013.10.08"]
[Round "4.2"]
[White "Kislik,E"]
[Black "Bhakti,K"]
[Result "1/2-1/2"]
[WhiteElo "2381"]
[BlackElo "2291"]

1.d4 Nf6 2.c4 g6 3.Nc3 Bg7 4.e4 d6 5.Nf3 O-O 6.Be2 Na6 7.O-O e5 8.Be3 Ng4
9.Bg5 Qe8 10.h3 f6 11.Bc1 Nh6 12.dxe5 dxe5 13.Rb1 c6 14.b4 Nc7 15.b5 Ne6
16.bxc6 bxc6 17.Re1 Qe7 18.Qa4 Qc7 19.Ba3 Rd8 20.Bb4 a5 21.Ba3 Nf7 22.Rec1 Nd4
23.Bc5 Nxe2+ 24.Nxe2 Ra6 25.Nc3 Nd6 26.Qb3 Qf7 27.Rd1 Bf8 28.Qa3 Qc7 29.Nd2 Be6
30.Na4 Nb7 31.Bxf8 Rxf8 32.Nc5 Nxc5 33.Qxc5 Rd8 34.Nf1 Rxd1 35.Rxd1 Kf7 36.Ne3 Qb6
37.Qd6  1/2-1/2

[Event "7th Univ Cent Open 2013"]
[Site "Bogota COL"]
[Date "2013.10.10"]
[Round "1.27"]
[White "Almanza,R"]
[Black "Contreras,Henry Esteban"]
[Result "0-1"]
[WhiteElo "2174"]
[BlackElo "1800"]

1.d4 Nf6 2.c4 g6 3.Nc3 Bg7 4.e4 d6 5.Be2 O-O 6.Nf3 e5 7.d5 a5 8.Bg5 h6 9.Bh4 Na6
10.b3 Bd7 11.a3 Qe8 12.Nd2 Nh7 13.f3 f5 14.O-O Nf6 15.Qc2 g5 16.Bf2 Qg6 17.exf5 Bxf5
18.Nde4 Nxe4 19.fxe4 Bd7 20.Qb2 c5 21.dxc6 Bxc6 22.b4 Bxe4 23.Nxe4 Qxe4 24.Bf3 Rxf3
25.gxf3 Qxc4 26.Rac1 Qb5 27.Rfd1 d5 28.Qa2 Rd8 29.Bc5 Nc7 30.a4 Qa6 31.bxa5 Qxa5
32.Qb3 b5 33.axb5 Qxb5 34.Qe3 Ne6 35.Be7 Ra8 36.Bd6 Nf8 37.Rd2 Re8 38.Ba3 d4
39.Qe4 d3 40.Kh1 Kh8 41.Rb2 Qd7 42.Bb4 Qh3 43.Rf2 Nd7 44.Qg6 Rg8 45.Rd2  0-1

[Event "Chinese Teams 2013"]
[Site "Qingdao CHN"]
[Date "2013.10.10"]
[Round "11.1"]
[White "Chu Wei Chao"]
[Black "Li Shilong"]
[Result "1/2-1/2"]
[WhiteElo "2270"]
[BlackElo "2523"]

1.d4 Nf6 2.c4 g6 3.Nc3 Bg7 4.e4 O-O 5.Nf3 d6 6.Be2 e5 7.O-O Nbd7 8.Qc2 Qe7
9.Rd1 c6 10.d5 c5 11.Bg5 h6 12.Bd2 Ne8 13.g3 Kh7 14.a3 b6 15.b4 Ndf6 16.Rdb1 Ng8
17.Nh4 Bf6 18.Ng2 Bg5 19.Bd3 Bxd2 20.Qxd2 Ng7 21.bxc5 bxc5 22.Rb2 Bh3 23.Rab1 Rad8
24.Rb7 Rd7 25.Qb2 Rfd8 26.Bc2 Qg5 27.Ba4 Rxb7 28.Qxb7 Qd2 29.Qb2 Qg5 30.Qc2 Qe7
31.Bc6 Bc8 32.Ne3 Nf6 33.Qa4 a6 34.Qa5 Rf8 35.Qb6 h5 36.Bb7 Ng4 37.Bxc8 Nxe3
38.Bxa6 Nc2 39.Qb2 Nd4 40.Ne2 Nxe2+ 41.Qxe2 Qa7 42.Bb5 Qxa3 43.Bc6 f5 44.exf5 gxf5
45.Rb7 f4 46.Qxh5+ Kg8 47.Qg6 Qa1+ 48.Kg2 e4 49.gxf4 Qf6 50.f5 Qxg6+ 51.fxg6 Nh5
52.Re7 Nf4+ 53.Kg3 Nxg6 54.Rxe4 Ne5 55.Bb5 Rf3+ 56.Kg2 Rc3 57.f4 Ng6 58.Kf2 Rh3
59.Kg2 Rc3 60.Bd7 Kg7 61.Kf2 Kf6 62.Bg4 Rc2+ 63.Ke3 Rc3+ 64.Kd2 Ra3 65.Re6+ Kg7
66.f5 Ne5 67.Be2 Ra4 68.Kc3 Ra3+ 69.Kd2 Ra4 70.Rxd6 Nxc4+ 71.Bxc4 Rxc4 72.Rc6 Rd4+
73.Ke3 Rxd5 74.Kf4 Rd2 75.h4 Rf2+ 76.Kg5 Rg2+ 77.Kf4 Rf2+ 78.Kg4 Rg2+ 79.Kf3 Rc2
80.h5 Rc1 81.Kf4 c4 82.h6+ Kh7 83.Kg5 Rg1+ 84.Kf6 Rf1 85.Rxc4 Rf2 86.Rc8 Ra2
87.Rc3 Ra1 88.Re3 Ra2 89.Rd3 Ra1 90.Rb3 Ra2 91.Kg5 Rg2+ 92.Kf6 Ra2 93.Rb8 Ra1
94.Rf8 Ra2 95.Re8 Ra1 96.Re4 Ra2 97.Kg5 Rg2+ 98.Kf6 Ra2 99.Rb4 Ra1 100.Rh4 Ra6+
101.Kg5 Rxh6 102.Re4 Ra6 103.Re7+ Kg8 104.Re6 Ra1 105.Kg6 Rg1+ 106.Kf6 Rf1
107.Re7 Rf2 108.Rg7+ Kf8 109.Ra7 Kg8 110.Rd7 Rf1 111.Rd8+ Kh7 112.Ke6 Kg7
113.Rd7+ Kf8 114.Kf6 Kg8 115.Rd4 Rf2 116.Rd1 Rf3 117.Rg1+ Kf8 118.Kg6 Kg8
119.Rd1 Rg3+ 120.Kf6 Rf3 121.Rd8+ Kh7 122.Rf8 Ra3 123.Re8 Rf3 124.Re1 Rf2
125.Rg1 Ra2 126.Rg7+ Kh6 127.Re7 Ra6+ 128.Re6 Ra7 129.Rd6 Rb7 130.Ra6 Kh7
131.Ke6 Kg7  1/2-1/2

[Event "4th Continental Class 2013"]
[Site "Arlington USA"]
[Date "2013.10.11"]
[Round "4.10"]
[White "Gutman,J"]
[Black "Yagiz,B"]
[Result "1-0"]
[WhiteElo "2133"]
[BlackElo "1907"]

1.d4 d6 2.Nf3 Nf6 3.c4 g6 4.Nc3 Bg7 5.e4 O-O 6.Be2 e5 7.O-O Nh5 8.Bg5 f6
9.Be3 Nf4 10.c5 Nxe2+ 11.Qxe2 exd4 12.Bxd4 dxc5 13.Bxc5 Rf7 14.Rad1 Qe8 15.e5 Nc6
16.Rfe1 Nxe5 17.Nxe5 fxe5 18.Ne4 h6 19.Be3 Bf5 20.Ng3 Be6 21.Qc2 Bf5 22.Qc1 Kh7
23.h4 Qa4 24.h5 Qxa2 25.Rd2 Qa6 26.f3 Qf6 27.Qc4 Qe6 28.Qh4 Qf6 29.Qc4 Qe6
30.Qh4 b6 31.Red1 Qf6 32.Qa4 a5 33.Qc4 Qe6 34.Qa4 Re8 35.Rc1 Bf8 36.Rc6 Qe7
37.Qc4 Rb8 38.Rd5 Bg7 39.hxg6+ Bxg6 40.Qg4 Bf6 41.Nf5 Bxf5 42.Qxf5+ Kg7 43.Re6 Qf8
44.Rxf6 Rxf6 45.Rd7+ Rf7 46.Bxh6+ Kxh6 47.Rxf7 Qc5+ 48.Kh2  1-0

[Event "7th Univ Cent Open 2013"]
[Site "Bogota COL"]
[Date "2013.10.11"]
[Round "4.16"]
[White "Gomez Ledo,R"]
[Black "Acuna Buitrago,Camilo Andres"]
[Result "1-0"]
[WhiteElo "2426"]
[BlackElo "2070"]

1.d4 Nf6 2.c4 g6 3.Nc3 Bg7 4.e4 d6 5.Be2 O-O 6.Nf3 Nbd7 7.O-O e5 8.Be3 Re8
9.d5 Ng4 10.Bg5 f6 11.Bd2 f5 12.Ng5 Ndf6 13.exf5 gxf5 14.h3 Nh6 15.f4 e4
16.Be3 Nf7 17.Nxf7 Kxf7 18.Bd4 Kg8 19.Qd2 Kh8 20.Nd1 Qe7 21.Ne3 Rg8 22.b4 Ne8
23.Rac1 Bxd4 24.Qxd4+ Qg7 25.Qxg7+ Rxg7 26.c5 Bd7 27.Kf2 a5 28.b5 dxc5 29.Rxc5 a4
30.Rb1 Kg8 31.b6 cxb6 32.Rxb6 Ra7 33.Bh5 Kf8 34.Bxe8 Kxe8 35.Rc7 Rg6 36.Rbxb7 Rxb7
37.Rxb7 Rd6 38.g4 fxg4 39.hxg4 Kf7 40.Nc4 Rxd5 41.Rxd7+  1-0

[Event "Chinese Teams 2013"]
[Site "Qingdao CHN"]
[Date "2013.10.11"]
[Round "12.6"]
[White "Bu Xiangzhi"]
[Black "Chu Wei Chao"]
[Result "1-0"]
[WhiteElo "2667"]
[BlackElo "2270"]

1.Nf3 g6 2.d4 Bg7 3.c4 d6 4.Nc3 Nf6 5.e4 O-O 6.Be2 e5 7.dxe5 dxe5 8.Qxd8 Rxd8
9.Nd5 Nxd5 10.cxd5 c6 11.Bc4 cxd5 12.Bxd5 Nd7 13.Bg5 Re8 14.Nd2 Nb6 15.Bb3 Be6
16.Ke2 Rac8 17.Rhc1 Bxb3 18.axb3 Rxc1 19.Rxc1 Rc8 20.Ra1 a6 21.Be3 Nd7 22.Nc4 Bf8
23.Rd1 Rc7 24.f4 f6 25.fxe5 fxe5 26.Bf2 b5 27.Ne3 Nf6 28.Bg3 Nxe4 29.Bxe5 Re7
30.Rd5 Bg7 31.Rd8+ Kf7 32.Bxg7 Kxg7 33.b4 h5 34.Rd4 Re6 35.Rd7+ Kh6 36.h3 Kg5
37.Kd3 Nf2+ 38.Ke2 Ne4 39.Kf3 Nd6 40.g3 Rf6+ 41.Ke2 Ne4 42.h4+ Kh6 43.g4 Rf2+
44.Ke1 Rxb2 45.Re7 Rxb4 46.Nd5 Rd4 47.Nf6 g5 48.Nxe4 gxh4 49.Re6+ Kg7 50.gxh5 Rd5
51.Rg6+ Kf8 52.Ng5 h3 53.Kf2 h2 54.Kg2 b4 55.h6 Rd4 56.Kxh2 b3 57.h7  1-0

[Event "FSIM October 2013"]
[Site "Budapest HUN"]
[Date "2013.10.12"]
[Round "7.3"]
[White "Bhakti,K"]
[Black "Havasi,Gergo"]
[Result "1-0"]
[WhiteElo "2291"]
[BlackElo "2172"]

1.d4 Nf6 2.c4 g6 3.Nc3 Bg7 4.e4 d6 5.Nf3 O-O 6.Be2 e5 7.d5 a5 8.O-O Na6 9.Bg5 h6
10.Bh4 Qe8 11.Nd2 Nh7 12.a3 Bd7 13.b3 h5 14.f3 Bh6 15.Bf2 Qe7 16.Qc2 h4 17.Rfd1 Bf4
18.Nf1 Qg5 19.Kh1 Nf6 20.Rab1 Nh5 21.b4 Ng3+ 22.Kg1 Nh5 23.Kh1 Ng3+ 24.Kg1 axb4
25.axb4 Kg7 26.c5 Rh8 27.Bb5 Nxf1 28.Bxf1 h3 29.g3 Be3 30.Qe2 Bd4 31.c6 bxc6
32.Bxd4 exd4 33.dxc6 Bxc6 34.Rxd4 Qe5 35.Qc4 Bb7 36.Nd1 c6 37.Ne3 Nc7 38.Ng4 Qe7
39.Qc3 f6 40.Rbd1 d5 41.R4d2 Ne6 42.exd5 cxd5 43.Re1 Qf7 44.Ne5 Qc7 45.Qxc7+ Nxc7
46.Rc2 Rac8 47.Nc6 Rce8 48.Rxe8 Nxe8 49.Nd8 Ba8 50.Rc8 Nd6 51.Rxa8 Re8 52.Ra7+ Kg8
53.Nc6 Re1 54.Ne7+ Kf8 55.Nxd5 Nf5 56.Kf2 Rb1 57.Ra2 Nxg3 58.Kxg3 Rxf1 59.Rb2 Rd1
60.Nxf6  1-0

[Event "Chinese Teams 2013"]
[Site "Qingdao CHN"]
[Date "2013.10.12"]
[Round "13.5"]
[White "Yuan,Ye"]
[Black "Wang Doudou"]
[Result "1/2-1/2"]
[WhiteElo "2033"]
[BlackElo "2226"]

1.d4 Nf6 2.c4 g6 3.Nc3 Bg7 4.e4 d6 5.Nf3 O-O 6.Be2 e5 7.Be3 Ng4 8.Bg5 f6
9.Bh4 Nc6 10.d5 Ne7 11.Nd2 f5 12.Bxg4 fxg4 13.Bg5 h6 14.Be3 c5 15.dxc6 bxc6
16.b4 Be6 17.a4 d5 18.cxd5 cxd5 19.Bc5 d4 20.Nb5 Qd7 21.Rc1 h5 22.O-O h4
23.Bxe7 Qxe7 24.Nc7 Rac8 25.Nxe6 Qxe6 26.Qb3 Qxb3 27.Nxb3 Bh6 28.Rc5 Rxc5
29.Nxc5 g3 30.Nd3 gxf2+ 31.Kh1 Be3 32.h3 Rc8 33.Kh2 Rc2 34.g3 g5 35.gxh4 gxh4
36.Kg2 Kg7 37.Nxe5 Kf6 38.Ng4+ Kg5 39.Kf3 Rc3 40.Nxf2 Bxf2+ 41.Kxf2 Kf4 42.Ke2+ Kxe4
43.Rf7 Rc2+ 44.Kd1 Rc4 45.Kd2 Rxb4 46.Re7+ Kd5 47.Rd7+ Kc4 48.Rc7+ Kd5 49.Rd7+ Ke4
50.Re7+ Kf3 51.Rxa7 Kg3 52.Kd3 Kxh3 53.Ra8 Kh2 54.a5 h3 55.a6 Ra4 56.a7 Kh1
57.Rh8 Rxa7 58.Rxh3+ Kg2 59.Rh8 Ra4 60.Rd8 Ra1 61.Rxd4 Rd1+ 62.Ke4 Rxd4+
63.Kxd4  1/2-1/2

[Event "4th Continental Class 2013"]
[Site "Arlington USA"]
[Date "2013.10.13"]
[Round "8.10"]
[White "Gutman,J"]
[Black "Yanayt,E"]
[Result "0-1"]
[WhiteElo "2133"]
[BlackElo "2229"]

1.d4 Nf6 2.c4 g6 3.Nc3 Bg7 4.e4 d6 5.Nf3 O-O 6.Be2 e5 7.O-O exd4 8.Nxd4 Re8
9.f3 Nc6 10.Be3 Nh5 11.Nxc6 bxc6 12.g4 Nf6 13.Qd2 Be6 14.Rad1 Qb8 15.Rf2 Qb4
16.Rc1 Rad8 17.a3 Qb7 18.Bg5 h6 19.Bxh6 Bxh6 20.Qxh6 Qxb2 21.Nb1 Rb8 22.Bf1 Qa1
23.Nc3 Qxa3 24.e5 dxe5 25.Bd3 Qf8 26.Qe3 Qd6 27.Be4 Bxc4 28.Rd1 Qe6 29.Qxa7 Rb3
30.Qxc7 Rxc3 31.Rd6 Rc1+ 32.Kg2 Nxg4 33.Rxe6 Ne3+ 34.Kg3 Rg1+ 35.Kh4 Bxe6
36.Qxc6 Rc8 37.Qb6 Kg7 38.Bxg6 Nf5+ 39.Bxf5 Rh8+ 40.Bh7 Rxh7+  0-1

[Event "TCh-BEL 2013-14"]
[Site "Belgium BEL"]
[Date "2013.10.13"]
[Round "3.7"]
[White "Goormachtigh,J"]
[Black "Tuncer,U"]
[Result "1/2-1/2"]
[WhiteElo "2174"]
[BlackElo "2317"]

1.d4 Nf6 2.c4 g6 3.Nc3 Bg7 4.e4 d6 5.Be2 O-O 6.Nf3 e5 7.Be3 Ng4 8.Bg5 f6
9.Bh4 g5 10.Bg3 Nh6 11.h3 Nc6 12.d5 Ne7 13.Qd2 Ng6 14.O-O-O a6 15.Ne1 f5
16.f3 Nf4 17.Bf2 Nxe2+ 18.Qxe2 b5 19.g4 b4 20.Nb1 fxe4 21.fxe4 a5 22.Nd2 c6
23.dxc6 Ra6 24.Nc2 Rxc6 25.Ne3 Nf7 26.h4 Nh8 27.Nf5 Ng6 28.hxg5 Nf4 29.Qf3 Be6
30.Kb1 Rf7 31.Bg3 Ng6 32.Rh5 Bf8 33.Qd3 Qc8 34.Rc1 a4 35.Nh6+ Bxh6 36.Rxh6 b3
37.a3 Qd8 38.Qe3 Qc7 39.Qe2 Qc8 40.Qd3 Bxg4 41.Rhh1 Be6 42.Rc3 Rfc7 43.Rf1 Kg7
44.Rfc1 Qd8 45.Qe3 Qe7 46.Bh2 Bf7 47.Bg3 Nf8 48.c5 Rxc5 49.Rxc5 Rxc5 50.Rxc5 dxc5
51.Nf3 Ng6 52.Nd2 Kg8  1/2-1/2

[Event "TCh-FIN SM 2013-14"]
[Site "Oulu FIN"]
[Date "2013.10.13"]
[Round "4.3"]
[White "Jouhki,Y"]
[Black "Seeman,T"]
[Result "1/2-1/2"]
[WhiteElo "2274"]
[BlackElo "2384"]

1.Nf3 Nf6 2.c4 g6 3.Nc3 Bg7 4.d4 d6 5.e4 O-O 6.Be2 e5 7.d5 a5 8.Bg5 h6 9.Bh4 Na6
10.Nd2 Bd7 11.Rb1 h5 12.b3 Bh6 13.Nf3 Kg7 14.h3 Qe8 15.a3 Nc5 16.Bxf6+ Kxf6
17.Qc2 Qe7 18.b4 axb4 19.axb4 Na4 20.Nb5 Bxb5 21.cxb5 Nb6 22.O-O Ra3 23.Nd2 Rfa8
24.Nb3 Ra2 25.Rb2 Rxb2 26.Qxb2 Kg7 27.Na5 Ra7 28.Rd1 Nd7 29.Qc2 Nf6 30.Bf1 h4
31.Be2 Qd7 32.Qd3 Qc8 33.Bf3 Qa8 34.Qc4 b6 35.Nb3 Ra3 36.Rd3 Bf4 37.Bd1 Qd8
38.Bf3 Qa8 39.Bd1 Qa7 40.Rf3 Ra2 41.g3 Bg5 42.Bc2 Rb2 43.Rc3 hxg3 44.fxg3 Qa2
45.Kg2 Qb1 46.Qe2 Qa2 47.Kf3 Qa3 48.Qc4 Qa2 49.Qe2 Qa3 50.Qc4 Qa2  1/2-1/2

[Event "Chinese Teams 2013"]
[Site "Qingdao CHN"]
[Date "2013.10.13"]
[Round "14.2"]
[White "Zhou Weiqi"]
[Black "Wan Yunguo"]
[Result "1-0"]
[WhiteElo "2614"]
[BlackElo "2512"]

1.d4 Nf6 2.c4 g6 3.Nc3 Bg7 4.Nf3 O-O 5.e4 d6 6.Be2 e5 7.O-O Na6 8.Re1 exd4
9.Nxd4 c6 10.Bf4 Nc5 11.Bf3 Ne8 12.Qd2 Ne6 13.Be3 Be5 14.Rad1 Qf6 15.Nxe6 Qxe6
16.Be2 f5 17.exf5 Qxf5 18.g3 Be6 19.Bd4 Ng7 20.Bd3 Qf7 21.Bxe5 dxe5 22.Rxe5 Bxc4
23.Bxc4 Qxc4 24.Re7 b6 25.Qd7 Nf5 26.Re4 Qc5 27.Qe6+ Kh8 28.Rd2 Ng7 29.Qe7 Qxe7
30.Rxe7 Nf5 31.Rc7 Rfc8 32.Rdd7 Rxc7 33.Rxc7 Kg8 34.Ne4 h6 35.Nf6+ Kf8 36.Nd7+ Ke8
37.Ne5 c5 38.Rh7  1-0

[Event "12th Istanbul Open A 2013"]
[Site "Istanbul TUR"]
[Date "2013.10.16"]
[Round "7.20"]
[White "Yildiz,M"]
[Black "Ozalp,B"]
[Result "0-1"]
[WhiteElo "1799"]
[BlackElo "2044"]

1.e4 g6 2.d4 Bg7 3.c4 d6 4.Nc3 Nf6 5.Nf3 O-O 6.Be2 e5 7.d5 Na6 8.O-O Nc5
9.Qc2 a5 10.Be3 Ng4 11.Bxc5 dxc5 12.h3 Nh6 13.Qd2 f5 14.Rad1 Nf7 15.Bd3 f4
16.Rfe1 Nd6 17.Bf1 h5 18.Nh2 Rf7 19.f3 Bf6 20.Bd3 Bh4 21.Re2 g5 22.Nb5 Rg7
23.Qc3 Qf6 24.Rf1 Bg3 25.a3 g4 26.fxg4 hxg4 27.Nxd6 cxd6 28.b4 axb4 29.axb4 gxh3
30.Nf3 hxg2 31.Rxg2 Bh3 32.bxc5 Bxg2 33.Kxg2 Be1+ 34.Kh1 Qh6+ 35.Nh2 Bxc3  0-1